Quản trị mạng máy tính
Nội dung tài liệu trình bày một số khía cạnh liên quan đến công tác quản trị mạng, giám sát mạng, điều khiển mạng và tổ chức công tác quản trị.
Đã lưu trong:
| 主要作者: | |
|---|---|
| 格式: | 图书 |
| 语言: | Vietnamese |
| 出版: |
H.
Đại học Quốc gia Hà Nội
2002
|
| 主题: | |
| 标签: |
添加标签
没有标签, 成为第一个标记此记录!
|
| Thư viện lưu trữ: | Thư viện Trường Đại học Nam Cần Thơ |
|---|
| LEADER | 00995nam a22002057a 4500 | ||
|---|---|---|---|
| 001 | NCT_11015 | ||
| 008 | 171026b xxu||||| |||| 00| 0 vie d | ||
| 999 | |c 528 |d 528 | ||
| 020 | |c 26500 | ||
| 082 | 1 | 4 | |2 22nd ed. |a 004.6 |b T502 |
| 100 | 1 | |a Đỗ Trung Tuấn | |
| 245 | 1 | 0 | |a Quản trị mạng máy tính |c Đỗ Trung Tuấn |
| 260 | |a H. |b Đại học Quốc gia Hà Nội |c 2002 | ||
| 300 | |a 259 tr. |b minh họa, bảng |c 24cm | ||
| 520 | 3 | |a Nội dung tài liệu trình bày một số khía cạnh liên quan đến công tác quản trị mạng, giám sát mạng, điều khiển mạng và tổ chức công tác quản trị. | |
| 653 | |a Quản trị mạng máy tính | ||
| 655 | |a Công nghệ Thông tin | ||
| 942 | |2 ddc |c BK | ||
| 952 | |0 0 |1 0 |2 ddc |4 0 |6 004_600000000000000_T502 |7 0 |9 2217 |a 000001 |b 000001 |d 2017-10-26 |o 004.6 T502 |p MD.01614 |r 2017-10-26 |v 26500.00 |w 2017-10-26 |y BK | ||
| 980 | |a Thư viện Trường Đại học Nam Cần Thơ | ||